MARC

LEADER 00000cam a2200000 7i4500
001 0000025413
005 20140819.0
008 140528 my a may
040 |a INS 
090 0 0 |a J160 
110 1 |a Kursus percukaian dan pengenaan premium harta tanah ,   |d 2013 7 - 10 Oktober   |c INSPEN, Bangi 
245 0 0 |a Kursus percukaian dan pengenaan premium harta tanah :   |b 7 - 10 Oktober 2013   |c Anjuran Pusat Penilaian dan Perkhidmatan Harta, INSPEN 
260 |a Bangi :   |b Institut Penilaian Negara ,   |c 2013 
300 |a 1v. (Various pagings) :   |b ill. ;   |c 30 cm. 
650 0 |a Real property and taxation   |z Malaysia 
710 1 |a INSPEN ( Institut Penilaian Negara ) 
856 |u http://app.inspen.gov.my:7779/pls/portal/docs/PAGE/CORPORATEPAGES/PORTAL_INSPEN/NOTA_KURSUS/ASP/KURSUS%20PERCUKAIAN%20%26%20PENGENAAN%20PREMIUM%20HARTA%20TANAH.PDF 
999 |a J000000337   |b BOOK   |c Course Notes   |e Default branch 
999 |a J000000338   |b BOOK   |c Course Notes   |e Default branch 
999 |a J000000353   |b BOOK   |c Course Notes   |e Default branch